| 000 | 00513nam a2200157 a 4500 | ||
|---|---|---|---|
| 005 | 20140414093850.0 | ||
| 008 | 120629s19uu xx 00 eng d | ||
| 050 |
_aCD 510 _bT957fe 2010 |
||
| 100 | _aTurpin, Claire | ||
| 245 |
_aOxford GCSE maths for Edexcel : _bfoundation - homework ebook / _cClaire Turpin. |
||
| 260 |
_aOxford : _bOxford University Press, _c2010. |
||
| 650 |
_aMathematics _xExaminations _xStudy guides |
||
| 650 |
_aMathematics _xProblems, exercises, etc. |
||
| 942 | _cAVM | ||
| 999 |
_c109811 _d109811 |
||